00763nam a22002177a 4500999001500000003000900015008004100024020001800065040007100083082001900154100002000173245003300193260003100226300002800257440001300285505017600298650002800474650001900502942001600521945000800537 c3179d3179AR-CdUCM190306b ||||| |||| 00| 0 spa d a84-278-0918-2 aMUNICIPALIDAD PROVINCIAL DEL CUSCOcBIBLIOTECA MUNICIPAL DEL CUSCO a858.8 /bSA18D aSalgari, Emilio aEl desquite de Sandokán /  aBarcelona :bNauta,c1984. a188 páginas ;c18 cm. n8910691 aContenido: El asedio -- Entre el fuego y las pitones -- Los malayos atacan -- El poblado de los negritos -- Los sargentos instructores -- El asalto de los rinocerontes ... aNovelas italianas99329 aSiglo XIX9971 2ddccLIBROS aafb